00604nam a2200181Ia 4500008004100000020001500041041001200056082001600068100001800084245007000102260002500172300000800197650001600205700001800221942000700239999001500246952016100261221030s9999 xx 000 0 und d a0074639625 aEnglish a105.23bWhi aJ. L. Whitten 0aSystem Analysis & Desing Methodscby J. L. Whitten, L. D. Bentley bTMHaNew Delhic1999 a724 aBE Computer aL. D. Bentley cBK c6489d6489 pBE 992g250.00l0o105.23 Whir2024-06-13 00:00:00w2022-10-30yBK003Print4071aMIETLIBbMIETLIBcBL-Second, FL-1, CUP-149, SH-2, R-2d2000-02-0810HBE